1659 1930 1715 1611 1126 1884 1250 1261 1960 1719 1039 1698 1587 1652 1559 1479 1647 1126 1263 1464 1355 1500 1039 1748 1508 1383 1471 1487 1957 1980 1693 1733 1867 1701 1597 1520 1513 1557 1781 1552 1771 1837 1015 1299 1461 1488 1737 1494 1080 1733 1360 1629 1273 1425 1490 1343 1912 1503 1502 1900 1080 1118 1610 1421 1807 1368 1408 1040 1182 1735 1443 1935 1257 1283 1239 1724 1571 1138 1454 1871 1714 1429 1235 1803 1935 1091 1615 1733 1463 1632 1198 1022 1197 1950 1721 1914 1059 1557 1811 BCNSPRNW ULIB Ver.6.0+V

เปลี่ยนเป็นภาษาไทย

Change to English
 แสดงรายละเอียดบรรณานุกรม
  กลับหน้าหลัก

Brief Record : Get Marc (ISO 2709) : E-mail record : QR code < ปิดหน้าต่าง
LEADER : 00000nam 2200000uu 4500
001    13399111866
003     ULIB
008    110711s2550||||th 000 0 tha d
020    9749507606
020    9789749507605
060 04 QV77.2^bม456ค 2550
100 0  มาโนช หล่อตระกูล
245 10 คู่มือการใช้ยาทางจิตเวช /^cมาโนช หล่อตระกูล
250    พิมพ์ครั้งที่ 4
260    กรุงเทพฯ :^bหมอชาวบ้าน,^c2550
300    172 หน้า ;^c21 ซม.
650  7 ยารักษาทางระบบประสาทและจิต
650  7 จิตเภสัชวิทยา
945    ^p150^l0^i18339
945    ^p150^l0^i18340
945    ^p150^l0^i18341
995    กัณชพร
999    ^aใช้งานได้ทุกระบบ
รายการนี้ยังไม่มีแท็ก
คุณยังไม่ได้ล็อกอิน คุณสามารถมีกิจกรรมร่วมกับเว็บไซต์ได้ แต่ต้องล็อกอินก่อน ::
  ล็อกอิน

รายการสื่อสารสนเทศ

ลำดับที่ ประเภท เลขเรียก/บาร์โค้ด สถานที่ สถานะ
- ไม่พบข้อมูล -

รายการใกล้เคียง
    ผู้แต่ง [มาโนช หล่อตระกูล]

    หัวเรื่อง [ยารักษาทางระบบประสาทและจิต]
    หัวเรื่อง [จิตเภสัชวิทยา]

BibComment


ยังไม่เคยถูกคอมเมนท์

คอมเมนท์ทรัพยากรรายการนี้
  คอมเมนท์: คู่มือการใช้ยาทาง..


 Copyright 2026. Bcnsprnw @Library